[Event "PRO League Group Stage"]
[Site "chess.com INT"]
[Date "2019.01.08"]
[Round "1"]
[White "Kuybokarov, Temur"]
[Black "Holt, Conrad"]
[Result "1-0"]
[WhiteTitle "IM"]
[BlackTitle "GM"]
[WhiteElo "2513"]
[BlackElo "2548"]
[WhiteTeam "Australia Kangaroos"]
[BlackTeam "Dallas Destiny"]
[WhiteFideId "14203049"]
[BlackFideId "2034387"]
[EventDate "2019.01.08"]

1. e4 e6 2. d4 d5 3. Nc3 Nf6 4. e5 Nfd7 5. f4 c5 6. Nf3 Nc6 7. Be3 Be7 8. Qd2
O-O 9. dxc5 Nxc5 10. O-O-O a6 11. f5 Ne4 12. Nxe4 dxe4 13. Qe1 Qc7 14. f6 exf3
15. fxe7 Nxe7 16. Rd6 Nf5 17. Bb6 Qe7 18. Rd3 Bd7 19. Rxf3 Bb5 20. c4 Bc6 21.
Rh3 f6 22. Rg1 fxe5 23. Qxe5 Rac8 24. Bd3 Bd5 25. b3 Qb4 26. Bd4 Qe7 27. g4 Qg5+
28. Kb1 1-0

[Event "PRO League Group Stage"]
[Site "chess.com INT"]
[Date "2019.01.08"]
[Round "1"]
[White "Mikhalevski, Victor"]
[Black "Kiewra, Keaton"]
[Result "1-0"]
[WhiteTitle "GM"]
[BlackTitle "IM"]
[WhiteElo "2581"]
[BlackElo "2362"]
[WhiteTeam "Seattle Sluggers"]
[BlackTeam "San Diego Surfers"]
[WhiteFideId "2801914"]
[BlackFideId "2019280"]
[EventDate "2019.01.08"]

1. Nf3 Nf6 2. d4 g6 3. g3 Bg7 4. Bg2 O-O 5. O-O d5 6. c4 dxc4 7. Na3 Nc6 8. Nxc4
Be6 9. b3 Bd5 10. Bb2 a5 11. a4 Nb4 12. e3 Be4 13. Rc1 Na2 14. Ra1 Nb4 15. Nfe5
Bxg2 16. Kxg2 Nd7 17. Nd3 Nxd3 18. Qxd3 Nc5 19. Qc2 Qd5+ 20. f3 Na6 21. e4 Qc6
22. d5 Qc5 23. Bxg7 Kxg7 24. Qc3+ Kg8 25. Qxa5 f5 26. Qd2 b5 27. Ne5 Qd6 28. Nc6
bxa4 29. Rxa4 fxe4 30. Rxe4 Rae8 31. Rfe1 e6 32. Rxe6 Rxe6 33. Rxe6 Qa3 34. Ne7+
Kg7 35. Qd4+ Kh6 36. Re4 Qa2+ 37. Kh3 1-0

[Event "PRO League Group Stage"]
[Site "chess.com INT"]
[Date "2019.01.08"]
[Round "1"]
[White "Dreev, Aleksey"]
[Black "Margvelashvili, Giorgi"]
[Result "1/2-1/2"]
[WhiteTitle "GM"]
[BlackTitle "GM"]
[WhiteElo "2670"]
[BlackElo "2530"]
[WhiteTeam "San Diego Surfers"]
[BlackTeam "Seattle Sluggers"]
[WhiteFideId "4100107"]
[BlackFideId "13602926"]
[EventDate "2019.01.08"]

1. d4 Nf6 2. Nf3 g6 3. g3 Bg7 4. Bg2 O-O 5. O-O c6 6. b3 d5 7. Bb2 Ne4 8. c4
dxc4 9. bxc4 c5 10. e3 Nc6 11. Qe2 Qb6 12. Na3 Bf5 13. Rab1 Nd6 14. Rbd1 Be4 15.
Nb5 cxd4 16. exd4 Bxf3 17. Bxf3 Nxb5 18. cxb5 Nxd4 19. Bxd4 Bxd4 20. Qxe7 Rab8
21. Bd5 a6 22. Qe4 Bc5 23. bxa6 bxa6 24. Qf3 Bd4 25. Bb3 Rbd8 26. Rfe1 Qf6 27.
Kg2 Kg7 28. Rd3 Qxf3+ 29. Rxf3 Bf6 30. Rf4 Rd6 31. Ree4 a5 32. Ra4 Ra8 33. h4 h5
34. Rac4 Ra7 35. Rc8 Rd4 36. Rc4 Rxf4 37. Rxf4 Rb7 38. Ra4 Bc3 39. Rc4 Bf6 40.
Kf3 Bd8 41. Rc5 Ra7 42. Rb5 a4 43. Bc4 a3 44. Ke4 Rc7 45. Kd3 Be7 46. Bb3 Bc5
47. Ke2 Re7+ 48. Kf3 Rc7 49. Ra5 Bb4 50. Ra4 Bc5 51. Rc4 Bd6 52. Rd4 Rc3+ 53.
Ke2 Be7 54. Rd7 Kf6 55. Rd3 Rxd3 56. Kxd3 Bc5 57. Ke2 Ke7 58. Kf3 1/2-1/2

[Event "PRO League Group Stage"]
[Site "chess.com INT"]
[Date "2019.01.08"]
[Round "1"]
[White "Brown, Michael William"]
[Black "Bashkansky, Naomi"]
[Result "1-0"]
[WhiteTitle "IM"]
[BlackTitle "WIM"]
[WhiteElo "2524"]
[BlackElo "1994"]
[WhiteTeam "San Diego Surfers"]
[BlackTeam "Seattle Sluggers"]
[WhiteFideId "2037602"]
[BlackFideId "2072289"]
[EventDate "2019.01.08"]

1. d4 d5 2. c4 dxc4 3. e4 e5 4. Nf3 Nc6 5. d5 Nb8 6. Nxe5 Nf6 7. Nc3 Be7 8. Bxc4
O-O 9. O-O a6 10. a4 Nbd7 11. Nxd7 Nxd7 12. f4 Bc5+ 13. Kh1 Kh8 14. e5 Qh4 15.
Ne4 Be7 16. Be3 Nxe5 17. fxe5 Qxe4 18. Bd4 b6 19. Re1 Qg4 20. Qd2 Bg5 21. Qc3
Bh4 22. Rf1 Bb7 23. h3 Qg6 24. Bd3 Qg5 25. Rf5 Qe7 26. Rh5 h6 27. e6 fxe6 28.
Rxh6+ Kg8 29. Bh7+ Kf7 30. Rxe6 Qd7 31. Rf1+ Bf6 32. Bxf6 gxf6 33. Qxf6# 1-0

[Event "PRO League Group Stage"]
[Site "chess.com INT"]
[Date "2019.01.08"]
[Round "1"]
[White "Bartholomew, John"]
[Black "Ding, Liren"]
[Result "0-1"]
[WhiteTitle "IM"]
[BlackTitle "GM"]
[WhiteElo "2439"]
[BlackElo "2813"]
[WhiteTeam "Minnesota Blizzard"]
[BlackTeam "Chengdu Pandas"]
[WhiteFideId "2019353"]
[BlackFideId "8603677"]
[EventDate "2019.01.08"]

1. d4 Nf6 2. c4 g6 3. Nc3 d5 4. cxd5 Nxd5 5. e4 Nxc3 6. bxc3 Bg7 7. Qa4+ Qd7 8.
Bb5 c6 9. Be2 O-O 10. Qa3 b6 11. Nf3 c5 12. O-O cxd4 13. cxd4 Bb7 14. Qe3 Nc6
15. Bb2 Rac8 16. Rab1 e6 17. Rfd1 Na5 18. d5 exd5 19. Bxg7 Kxg7 20. exd5 Qd6 21.
Ng5 Rfe8 22. Qd4+ Qf6 23. Ne4 Qxd4 24. Rxd4 Red8 25. Rbd1 Rc2 26. Bf3 Rxa2 27.
h4 Rc2 28. h5 Nc4 29. Ra1 Rxd5 30. Rxd5 Bxd5 31. Rxa7 Ne5 32. hxg6 hxg6 33. Ng5
Nxf3+ 34. Nxf3 b5 35. Rd7 Bxf3 36. gxf3 b4 37. Rb7 Rc4 38. Kg2 g5 39. Kf1 Kg6
40. Ke2 f6 41. Rb5 Rf4 42. Ke3 Kf7 43. Rb6 Ke7 44. Ke2 Kd7 45. Rb8 Kc6 46. Ke3
Kc5 47. Rc8+ Kb5 48. Ke2 Ka4 49. Ke3 Ka3 50. Ke2 b3 51. Ra8+ Ra4 52. Rb8 b2 53.
Kd2 Ka2 54. Kc2 Rc4+ 55. Kd3 Rc5 56. Ra8+ Kb1 57. Kd2 Rd5+ 58. Ke2 Kc2 59. Rc8+
Kb3 60. Rb8+ Kc3 61. Rb7 Rd4 0-1

[Event "PRO League Group Stage"]
[Site "chess.com INT"]
[Date "2019.01.08"]
[Round "1"]
[White "Tang, Andrew"]
[Black "Wang, Yue"]
[Result "1-0"]
[WhiteTitle "GM"]
[BlackTitle "GM"]
[WhiteElo "2487"]
[BlackElo "2684"]
[WhiteTeam "Minnesota Blizzard"]
[BlackTeam "Chengdu Pandas"]
[WhiteFideId "2059630"]
[BlackFideId "8601429"]
[EventDate "2019.01.08"]

1. d4 Nf6 2. c4 e6 3. Nc3 Bb4 4. Qc2 O-O 5. Nf3 d6 6. g3 b6 7. Bg2 Bb7 8. O-O
Bxc3 9. Qxc3 Nbd7 10. b4 a5 11. b5 Qe7 12. a4 Be4 13. Ba3 Rfe8 14. Rac1 e5 15.
c5 exd4 16. cxd6 cxd6 17. Qxd4 Nc5 18. Bxc5 dxc5 19. Qb2 Bb7 20. e3 Rad8 21.
Rfd1 h6 22. Nd2 Bxg2 23. Kxg2 Qb7+ 24. Kg1 Qd7 25. Qc2 Qh3 26. Nc4 h5 27. Rxd8
Rxd8 28. Rd1 Rxd1+ 29. Qxd1 Ng4 30. Qd8+ Kh7 31. Qh4 Qxh4 32. gxh4 Kg6 33. f3
Nf6 34. Nxb6 Kf5 35. Nc4 Ke6 36. e4 Nd7 37. Kf2 g6 38. Ke3 Ke7 39. f4 Ke6 40.
Kd3 f5 41. b6 fxe4+ 42. Kxe4 Nf6+ 43. Kd3 Nd7 44. b7 Kd5 45. Nxa5 Nb8 46. Nc4
Kc6 47. Ne5+ Kxb7 48. Nxg6 Kc6 49. f5 Kd5 50. Nf4+ Ke5 51. Nxh5 Kxf5 52. Ng3+
Kg4 53. h5 Kg5 54. Kc4 1-0

[Event "PRO League Group Stage"]
[Site "chess.com INT"]
[Date "2019.01.08"]
[Round "1"]
[White "Zhao, Jun"]
[Black "Flores Rios, Mauricio"]
[Result "1-0"]
[WhiteTitle "GM"]
[BlackTitle "GM"]
[WhiteElo "2610"]
[BlackElo "2529"]
[WhiteTeam "Chengdu Pandas"]
[BlackTeam "Minnesota Blizzard"]
[WhiteFideId "8602522"]
[BlackFideId "3408027"]
[EventDate "2019.01.08"]

1. d4 Nf6 2. Bf4 g6 3. e3 Bg7 4. Nf3 O-O 5. h3 d6 6. Be2 b6 7. O-O Bb7 8. a4 a6
9. Bh2 Nbd7 10. Nbd2 c5 11. c3 Ne4 12. Qb3 Nxd2 13. Nxd2 Rb8 14. Rfd1 Qc7 15.
Bf1 Rfc8 16. Bc4 Rf8 17. Bg3 Qc6 18. d5 Qc7 19. e4 Bc8 20. Bf1 Nf6 21. Re1 Nh5
22. Bh2 b5 23. axb5 axb5 24. Bxb5 Bd7 25. c4 Bxb5 26. cxb5 Qb6 27. Nc4 Qxb5 28.
Qxb5 Rxb5 29. Ra7 Re8 30. e5 dxe5 31. d6 e6 32. Bxe5 Rd8 33. Bxg7 Nxg7 34. Ne5
Rxd6 35. Ra8+ 1-0

[Event "PRO League Group Stage"]
[Site "chess.com INT"]
[Date "2019.01.08"]
[Round "1"]
[White "Zhang, Di"]
[Black "Corrales Jimenez, Fidel"]
[Result "0-1"]
[BlackTitle "GM"]
[WhiteElo "1966"]
[BlackElo "2559"]
[WhiteTeam "Chengdu Pandas"]
[BlackTeam "Minnesota Blizzard"]
[WhiteFideId "8616590"]
[BlackFideId "3506690"]
[EventDate "2019.01.08"]

1. d4 Nf6 2. c4 e6 3. Nf3 c5 4. g3 cxd4 5. Nxd4 Nc6 6. Bg2 Qb6 7. Nb3 Qa6 8. c5
Bxc5 9. Nxc5 Qa5+ 10. b4 Qxb4+ 11. Qd2 Qxc5 12. O-O Qd4 13. Ba3 Qxd2 14. Nxd2 d5
15. e4 Bd7 16. exd5 exd5 17. Rfe1+ Be6 18. Nb3 O-O-O 19. Nc5 Rhe8 20. Bf1 Bf5
21. Bb5 Rxe1+ 22. Rxe1 Nd4 23. Rc1 Nxb5 24. Ne6+ Kd7 25. Nxd8 Kxd8 26. Bf8 Ne8
27. Rc5 Nbc7 28. Rc1 Kd7 29. f3 d4 30. Kf2 Ne6 31. Bb4 N8c7 32. f4 h5 33. Kf3
Nd5 34. Bd2 b6 35. Re1 f6 36. a4 a5 37. Rc1 d3 38. Rh1 Nd4+ 39. Kf2 Nb3 40. Be3
Nxe3 41. Kxe3 d2 42. Rd1 Bc2 43. Rxd2+ Nxd2 44. Kxd2 Bxa4 45. Kc3 Bc6 46. Kb3 b5 0-1

[Event "PRO League Group Stage"]
[Site "chess.com INT"]
[Date "2019.01.08"]
[Round "1"]
[White "Izoria, Zviad"]
[Black "Naroditsky, Daniel"]
[Result "1/2-1/2"]
[WhiteTitle "GM"]
[BlackTitle "GM"]
[WhiteElo "2603"]
[BlackElo "2616"]
[WhiteTeam "San Jose Hackers"]
[BlackTeam "San Francisco Mechanics"]
[WhiteFideId "13601733"]
[BlackFideId "2026961"]
[EventDate "2019.01.08"]

1. Nf3 Nf6 2. c4 g6 3. Nc3 Bg7 4. e4 d6 5. d4 O-O 6. Be2 e5 7. O-O exd4 8. Nxd4
Re8 9. f3 c6 10. Kh1 Nbd7 11. Bg5 Nc5 12. Qd2 a5 13. b3 Qb6 14. Be3 Bd7 15. Rfd1
Rad8 16. Rab1 Qc7 17. Rbc1 Nh5 18. Bf1 Be5 19. Nde2 Ng7 20. Bg5 Rc8 21. Ng3 f5
22. Bf4 Rcd8 23. Bg5 Rc8 24. Bf4 Rcd8 25. Bg5 1/2-1/2

[Event "PRO League Group Stage"]
[Site "chess.com INT"]
[Date "2019.01.08"]
[Round "1"]
[White "Mamedyarov, Shakhriyar"]
[Black "Gozzoli, Yannick"]
[Result "1/2-1/2"]
[WhiteTitle "GM"]
[BlackTitle "GM"]
[WhiteElo "2817"]
[BlackElo "2630"]
[WhiteTeam "San Jose Hackers"]
[BlackTeam "San Francisco Mechanics"]
[WhiteFideId "13401319"]
[BlackFideId "616915"]
[EventDate "2019.01.08"]

1. d4 d5 2. c4 c6 3. Nf3 Nf6 4. Qb3 dxc4 5. Qxc4 Bg4 6. Nbd2 e6 7. g3 Nbd7 8.
Bg2 Be7 9. O-O O-O 10. Qb3 b5 11. h3 Bh5 12. g4 Bg6 13. Nh4 Qb6 14. Nxg6 hxg6
15. a4 Rac8 16. Nf3 a5 17. Rd1 Rfd8 18. g5 Nd5 19. e4 Nb4 20. Be3 Qa6 21. h4 c5
22. axb5 Qxb5 23. d5 exd5 24. exd5 Nb6 25. Bf1 c4 26. Bxb6 Qxb6 27. Bxc4 Bd6 28.
Bf1 Re8 29. Rac1 Rxc1 30. Rxc1 Bc5 31. Kg2 Re4 32. Rc4 Rxc4 33. Bxc4 Qd6 34. Qd1
Qf4 35. Qe2 Qg4+ 36. Kf1 Qh3+ 37. Ke1 Qh1+ 38. Kd2 Qb1 39. b3 Qb2+ 40. Ke1 Qc1+
41. Qd1 Qf4 42. Qe2 Qc1+ 43. Qd1 Qf4 44. d6 Bxd6 45. Kf1 a4 46. h5 Kh7 47. Bxf7
Qxf7 48. Qxd6 Qxf3 49. hxg6+ Kg8 50. Qb8+ Qf8 51. Qh2 Qf3 52. Qh7+ Kf8 53. Qh8+
Ke7 54. Qxg7+ Ke6 55. Qf7+ Qxf7 56. gxf7 Kxf7 57. bxa4 Kg6 58. f4 Nd3 59. a5
Nxf4 60. a6 Nd5 61. a7 Nb6 62. Kf2 Kxg5 63. a8=Q Nxa8 1/2-1/2

[Event "PRO League Group Stage"]
[Site "chess.com INT"]
[Date "2019.01.08"]
[Round "1"]
[White "Bhat, Vinay"]
[Black "Ke, Ivan"]
[Result "1/2-1/2"]
[WhiteTitle "GM"]
[WhiteElo "2519"]
[BlackElo "2251"]
[WhiteTeam "San Francisco Mechanics"]
[BlackTeam "San Jose Hackers"]
[WhiteFideId "2011352"]
[BlackFideId "30914477"]
[EventDate "2019.01.08"]

1. d4 d5 2. c4 e6 3. Nc3 Be7 4. cxd5 exd5 5. Bf4 Nf6 6. e3 O-O 7. Bd3 c5 8. Nge2
Nc6 9. O-O cxd4 10. exd4 Bg4 11. Qb3 Nb4 12. Bb1 Qd7 13. Ng3 a5 14. f3 Be6 15.
a3 Nc6 16. Qd1 Rfc8 17. Be3 Ne8 18. Qd3 g6 19. Ba2 Bf6 20. Nge2 Ne7 21. Nf4 Nd6
22. Nxe6 fxe6 23. Bf2 Nc4 24. Qe2 Kf7 25. Ne4 dxe4 26. fxe4 b5 27. Bh4 Nf5 28.
exf5 exf5 29. Bxf6 Kxf6 30. Rad1 Qd5 31. a4 Re8 32. Qd3 Qd6 33. Bxc4 bxc4 34.
Qxc4 Re4 35. Rfe1 Rae8 36. Rxe4 Rxe4 37. Qc3 Qd5 38. Qd3 Re6 39. h3 h5 40. Rd2
h4 41. Qf3 Re4 42. Qc3 Kg5 43. Kf2 Rf4+ 44. Kg1 Qe4 45. Rd1 Kh5 46. d5 Qe2 47.
Rd2 Qe1+ 48. Kh2 Rf1 49. Qh8+ Kg5 50. Qd8+ Kh5 51. Qh8+ Kg5 52. Qd8+ Kf4 53.
Qc7+ Kg5 54. Qd8+ 1/2-1/2

[Event "PRO League Group Stage"]
[Site "chess.com INT"]
[Date "2019.01.08"]
[Round "1"]
[White "Ezra, Paul Chambers"]
[Black "Yoo, Christopher Woojin"]
[Result "0-1"]
[WhiteTitle "FM"]
[BlackTitle "FM"]
[WhiteElo "2360"]
[BlackElo "2388"]
[WhiteTeam "San Francisco Mechanics"]
[BlackTeam "San Jose Hackers"]
[WhiteFideId "20300204"]
[BlackFideId "30909694"]
[EventDate "2019.01.08"]

1. e4 c5 2. Nc3 d6 3. d4 cxd4 4. Qxd4 Nc6 5. Qd2 g6 6. b3 Bg7 7. Bb2 a6 8. O-O-O
b5 9. Nd5 Bxb2+ 10. Kxb2 Bb7 11. h4 e6 12. Qc3 e5 13. h5 g5 14. Qd2 Nf6 15. Qxg5
Nxd5 16. Qxd8+ Rxd8 17. exd5 Ne7 18. c4 bxc4 19. bxc4 Rc8 20. Rh3 Kd7 21. Rb3
Ba8 22. Nf3 h6 23. g3 Rc5 24. Nd2 f5 25. Rb6 Kc7 26. Rxa6 Bb7 27. Ra4 Kd7 28.
Nb3 Rc7 29. c5 Bxd5 30. Bc4 Ke6 31. Bxd5+ Nxd5 32. cxd6 Rc6 33. Ra5 Rxd6 34. a4
Rb8 35. Rb5 Rxb5 36. axb5 Rb6 37. Ka3 Rxb5 38. Rc1 Rb6 39. Ka4 Ra6+ 40. Kb5 Rb6+
41. Ka4 e4 42. Rc8 Ra6+ 43. Kb5 Ra2 44. f3 Rb2 45. Ka4 Nb6+ 46. Ka3 Rxb3+ 47.
Kxb3 Nxc8 48. fxe4 fxe4 49. Kc4 Nd6+ 50. Kd4 Kf5 51. Kd5 e3 0-1

[Event "PRO League Group Stage"]
[Site "chess.com INT"]
[Date "2019.01.08"]
[Round "1"]
[White "Sarana, Alexey"]
[Black "Javakhadze, Zurab"]
[Result "1-0"]
[WhiteTitle "GM"]
[BlackTitle "IM"]
[WhiteElo "2630"]
[BlackElo "2449"]
[WhiteTeam "Australia Kangaroos"]
[BlackTeam "Dallas Destiny"]
[WhiteFideId "24133795"]
[BlackFideId "13603647"]
[EventDate "2019.01.08"]

1. d4 d5 2. c4 e6 3. Nf3 a6 4. cxd5 exd5 5. Nc3 Nf6 6. Qb3 Be7 7. Bg5 c6 8. e3
O-O 9. Bd3 Nbd7 10. O-O Re8 11. Qc2 Nf8 12. Ne5 N6d7 13. Bf4 Nxe5 14. Bxe5 Bd6
15. Bxd6 Qxd6 16. Rab1 Bg4 17. b4 Bh5 18. a4 Bg6 19. Rfc1 Rec8 20. Ne2 Ne6 21.
Bxg6 hxg6 22. Qd3 Rc7 23. Nc3 Rac8 24. h4 g5 25. hxg5 Nxg5 26. Qf5 Ne6 27. g3 g6
28. Qf6 Qd8 29. Qxd8+ Rxd8 30. Kg2 Kg7 31. Rc2 Rdc8 32. Ne2 Ra8 33. Nc1 a5 34.
Nd3 axb4 35. Rxb4 Kf6 36. f4 Ke7 37. g4 Kd6 38. Rcb2 Ra7 39. Kf3 f6 40. Rh2 Ra8
41. Rh6 Rg8 42. Ke2 Re7 43. f5 Nf8 44. Nc5 Rgg7 45. g5 Rh7 46. fxg6 1-0

[Event "PRO League Group Stage"]
[Site "chess.com INT"]
[Date "2019.01.08"]
[Round "1"]
[White "Smirnov, Anton"]
[Black "Zhu, Jiner"]
[Result "1-0"]
[WhiteTitle "GM"]
[BlackTitle "WIM"]
[WhiteElo "2569"]
[BlackElo "2424"]
[WhiteTeam "Australia Kangaroos"]
[BlackTeam "Dallas Destiny"]
[WhiteFideId "3208923"]
[BlackFideId "8608059"]
[EventDate "2019.01.08"]

1. e4 e5 2. Nf3 Nc6 3. Bb5 g6 4. Nc3 Bg7 5. h4 a6 6. Bc4 d6 7. Ng5 Nh6 8. d3 Na5
9. h5 Nxc4 10. dxc4 f6 11. Nh3 Be6 12. b3 Qd7 13. f3 O-O-O 14. Be3 Nf7 15. Qd2
f5 16. O-O-O f4 17. Bg1 g5 18. Nf2 g4 19. Nd5 Ng5 20. h6 Bf8 21. Nf6 Qf7 22.
N6xg4 Be7 23. Kb1 Rhg8 24. Qe2 Qg6 25. Re1 Nf7 26. Rh2 Bg5 27. a4 Bxh6 28. Nxh6
Nxh6 29. Nd3 Nf7 30. Bf2 h5 31. Reh1 Rh8 32. Nb4 Rdg8 33. Nd5 Bxd5 34. cxd5 Qf6
35. a5 Rg6 36. Bg1 Qg7 37. Ba7 Nd8 38. Kb2 Rg8 39. Rxh5 Rxg2 40. Qc4 Qd7 41. Rh7
R2g7 42. Rxg7 Rxg7 43. Rh8 Qb5 44. Qc3 Qd7 45. Bf2 Qf7 46. Qe1 Rg8 47. Qh1 Qf8
48. Qh3+ Kb8 49. Rh7 Rg7 50. Qh6 Rg8 51. Qh4 Nf7 52. Rh5 Qd8 53. Qh1 Qf6 54. Bh4
Qg6 55. Bf2 Qg2 56. Qxg2 Rxg2 57. Bh4 Rg8 58. Rh7 Ng5 59. Bxg5 Rxg5 60. Rh8+ Ka7
61. Rc8 Rg3 62. Rxc7 Rxf3 63. Rd7 Re3 64. Rxd6 Rxe4 65. Rf6 Rd4 66. c4 Kb8 67.
Kc3 Kc7 68. Rf7+ Kc8 69. Rf5 Re4 70. c5 Re3+ 71. Kc4 Re4+ 72. Kc3 Re3+ 73. Kd2
Kc7 74. b4 Kc8 75. d6 Kd7 76. Rf7+ Kc8 77. Rc7+ Kb8 78. Rf7 Kc8 79. Rc7+ Kb8 80.
Re7 Kc8 81. Rf7 Rb3 82. Rc7+ Kb8 83. Re7 Rxb4 84. Re8+ Ka7 85. Rxe5 Rd4+ 86. Kc3
Rd1 87. Rf5 Rc1+ 88. Kd4 Rd1+ 89. Ke5 Rc1 90. Kxf4 Rf1+ 91. Kg5 Rg1+ 92. Kf6 Kb8
93. Ke7 Rg7+ 94. Rf7 Rg5 95. Rf8+ Ka7 96. d7 Re5+ 97. Kd6 1-0

[Event "PRO League Group Stage"]
[Site "chess.com INT"]
[Date "2019.01.08"]
[Round "1"]
[White "Zhou, Jianchao"]
[Black "Kuybokarov, Temur"]
[Result "1-0"]
[WhiteTitle "GM"]
[BlackTitle "IM"]
[WhiteElo "2609"]
[BlackElo "2513"]
[WhiteTeam "Dallas Destiny"]
[BlackTeam "Australia Kangaroos"]
[WhiteFideId "8603537"]
[BlackFideId "14203049"]
[EventDate "2019.01.08"]

1. d4 Nf6 2. c4 e6 3. Nc3 Bb4 4. Qc2 d5 5. cxd5 exd5 6. Nf3 c5 7. dxc5 d4 8. a3
Ba5 9. b4 dxc3 10. bxa5 Qxa5 11. Be3 Nc6 12. Nd4 Qxc5 13. Nxc6 Qxc6 14. Bd4 O-O
15. Qxc3 Qxc3+ 16. Bxc3 Be6 17. e3 Rfc8 18. Bd4 b6 19. Ba6 Rc2 20. Bd3 Rc7 21.
Kd2 Nd7 22. Rhc1 Nc5 23. Bxc5 bxc5 24. Bc4 Kf8 25. Bxe6 fxe6 26. Kc3 Ke7 27.
Rab1 g5 28. f3 Rd8 29. Rd1 Rg8 30. a4 Rg6 31. h3 Rh6 32. a5 Rh4 33. e4 Kf6 34.
a6 Rc6 35. Ra1 Ke7 36. Rdb1 Kd7 37. Rb7+ Rc7 38. Rab1 h5 39. Rxc7+ Kxc7 40. Rb7+
Kc6 41. Rxa7 Kb6 42. Rg7 Kxa6 43. Kc4 g4 44. hxg4 hxg4 45. Rxg4 Rh5 46. f4 Kb7
47. Rg5 Rh2 48. Kxc5 e5 49. Rg7+ Kc8 50. f5 Kd8 51. Kd6 1-0

[Event "PRO League Group Stage"]
[Site "chess.com INT"]
[Date "2019.01.08"]
[Round "1"]
[White "Holt, Conrad"]
[Black "Matheson, Laurence"]
[Result "1-0"]
[WhiteTitle "GM"]
[WhiteElo "2548"]
[BlackElo "2253"]
[WhiteTeam "Dallas Destiny"]
[BlackTeam "Australia Kangaroos"]
[WhiteFideId "2034387"]
[BlackFideId "3200264"]
[EventDate "2019.01.08"]

1. d4 Nf6 2. c4 c5 3. d5 e6 4. Nc3 exd5 5. cxd5 d6 6. e4 g6 7. h3 Bg7 8. Nf3 a6
9. a4 Nbd7 10. Bd3 Nh5 11. O-O Ne5 12. Be2 Nxf3+ 13. Bxf3 Qh4 14. Ra3 Be5 15.
Re1 Nf4 16. a5 Bd7 17. Na4 Nxh3+ 18. gxh3 Qxh3 19. Bg2 Qh2+ 20. Kf1 Bb5+ 21. Re2
Qh4 22. Nb6 Rd8 23. Rh3 Qf6 24. Kg1 Bxe2 25. Qxe2 O-O 26. Qg4 Qe7 27. Bg5 f6 28.
Bh6 Rf7 29. Nc4 Bd4 30. Rf3 Re8 31. Bh3 Qxe4 32. Qxe4 Rxe4 33. Nxd6 Re1+ 34. Kg2
Rfe7 35. Bd2 R1e2 36. Nc4 f5 37. Kf1 R2e4 38. d6 Rd7 39. Rd3 Kf7 40. Bg2 Rh4 41.
Bd5+ Kf6 42. b4 cxb4 43. Bxb4 Be5 44. Re3 Rxc4 45. Bxc4 f4 46. Re4 Kf5 47. Bd3
Kf6 48. Bc4 Kf5 49. f3 h5 50. Bc3 1-0

[Event "PRO League Group Stage"]
[Site "chess.com INT"]
[Date "2019.01.08"]
[Round "1"]
[White "Dreev, Aleksey"]
[Black "Mikhalevski, Victor"]
[Result "1/2-1/2"]
[WhiteTitle "GM"]
[BlackTitle "GM"]
[WhiteElo "2670"]
[BlackElo "2581"]
[WhiteTeam "San Diego Surfers"]
[BlackTeam "Seattle Sluggers"]
[WhiteFideId "4100107"]
[BlackFideId "2801914"]
[EventDate "2019.01.08"]

1. d4 Nf6 2. c4 g6 3. Nc3 d5 4. Bf4 Bg7 5. e3 O-O 6. Rc1 c5 7. dxc5 dxc4 8. Qxd8
Rxd8 9. Bxc4 Nc6 10. Nf3 Bf5 11. O-O Nh5 12. Ng5 Nxf4 13. Bxf7+ Kf8 14. exf4 h6
15. Bxg6 Bxg6 16. Ne6+ Kf7 17. Nxd8+ Rxd8 18. Rcd1 Nd4 19. Rfe1 Rc8 20. Nd5 e6
21. Ne3 Rxc5 22. Ng4 Bh5 23. h3 Rc2 24. Nxh6+ Kg6 25. Ng4 Ne2+ 26. Kf1 Nxf4 27.
Re4 Kf5 28. Ra4 Rxb2 29. Ne3+ Kg6 30. g4 Nxh3 31. gxh5+ Kxh5 32. Ng4 b5 33. Rxa7
Bc3 34. f3 Kh4 35. Rh7+ Kg3 36. Rxh3+ Kxh3 37. Nf2+ Kh4 38. Ne4 b4 39. Nxc3 bxc3
40. Rc1 Rxa2 41. Rxc3 Kg3 42. f4+ Kxf4 43. Ke1 e5 44. Rb3 e4 45. Rc3 Rb2 46. Ra3
Rg2 47. Rb3 Rg3 48. Rxg3 Kxg3 49. Ke2 Kf4 50. Kf2 e3+ 51. Ke2 Ke4 52. Ke1 1/2-1/2

[Event "PRO League Group Stage"]
[Site "chess.com INT"]
[Date "2019.01.08"]
[Round "1"]
[White "Margvelashvili, Giorgi"]
[Black "Kiewra, Keaton"]
[Result "1-0"]
[WhiteTitle "GM"]
[BlackTitle "IM"]
[WhiteElo "2530"]
[BlackElo "2362"]
[WhiteTeam "Seattle Sluggers"]
[BlackTeam "San Diego Surfers"]
[WhiteFideId "13602926"]
[BlackFideId "2019280"]
[EventDate "2019.01.08"]

1. Nf3 Nf6 2. c4 g6 3. Nc3 Bg7 4. e4 d6 5. d4 O-O 6. h3 e5 7. d5 Nh5 8. Nh2 Qe8
9. Be2 Nf4 10. Bf3 f5 11. g3 Nxh3 12. Bg2 f4 13. Nf3 g5 14. Bxh3 g4 15. Bg2 gxf3
16. Qxf3 Na6 17. gxf4 exf4 18. Bd2 Qe5 19. O-O-O Nb4 20. Kb1 Qd4 21. Bf1 a5 22.
Be2 Bd7 23. Qh5 h6 24. Bxf4 Be8 25. Qh4 Qf6 26. Bxh6 Qxh4 27. Rxh4 Bxh6 28. Rxh6
Rxf2 29. Rg1+ Kf8 30. Rh8+ Kf7 31. a3 Na6 32. Bh5+ Ke7 33. Rgg8 Bxh5 34. Rxa8
Bg6 35. Rag8 Rg2 36. Rh7+ Kf6 37. Rf8+ Ke5 38. Re7+ Kd4 39. Rf1 Nc5 40. Ka2 Nd3
41. Rb1 Bh5 42. Rxc7 Bf3 43. c5 Nxc5 44. Nb5+ Kxe4 45. Nxd6+ Kxd5 46. Nxb7 Nd3
47. Rc3 Kd4 48. Nxa5 Bd5+ 49. Nb3+ 1-0

[Event "PRO League Group Stage"]
[Site "chess.com INT"]
[Date "2019.01.08"]
[Round "1"]
[White "Bashkansky, Naomi"]
[Black "Hilby, Craig"]
[Result "0-1"]
[WhiteTitle "WIM"]
[BlackTitle "IM"]
[WhiteElo "1994"]
[BlackElo "2445"]
[WhiteTeam "Seattle Sluggers"]
[BlackTeam "San Diego Surfers"]
[WhiteFideId "2072289"]
[BlackFideId "2062674"]
[EventDate "2019.01.08"]

1. d4 g6 2. c4 Bg7 3. Nc3 e6 4. e4 Ne7 5. Be3 d6 6. Qd2 h6 7. Bd3 Nd7 8. f4 f5
9. e5 b6 10. exd6 cxd6 11. Nb5 Nf6 12. Qb4 O-O 13. Qxd6 Qxd6 14. Nxd6 Ng4 15.
Nxc8 Raxc8 16. Ke2 Rfd8 17. Nf3 Nxe3 18. Kxe3 Nc6 19. Ne5 Nxd4 20. Nxg6 Kf7 21.
Nh4 Bf6 22. g3 Nc6 23. Rab1 Bxh4 24. gxh4 Rd4 25. a3 Rcd8 26. Rbd1 e5 27. fxe5
Nxe5 28. Be2 f4+ 29. Kf2 Rd2 30. Rxd2 Rxd2 31. Ke1 Rxb2 32. Rf1 Rb1+ 33. Kf2
Rxf1+ 34. Kxf1 Ke7 35. Kf2 Kd6 36. Bf1 Kc5 37. Be2 Kd4 38. h3 Kc3 39. a4 Kb4 40.
Bd1 Kxc4 41. Ke2 Kd4 42. Kf2 Kc5 43. Bh5 a6 44. Be8 b5 45. axb5 axb5 46. Ke2 b4
47. Ba4 Kd4 48. Kd2 Nf3+ 49. Ke2 Nxh4 50. Kf2 Kc3 51. Ke2 b3 52. Bxb3 Kxb3 53.
Kd3 f3 54. Ke3 Kc3 55. Kf2 Kd2 56. Kf1 Ke3 57. Ke1 Nf5 58. Kf1 Ng3+ 59. Kg1 f2+
60. Kg2 f1=Q+ 61. Kxg3 Qf4+ 62. Kg2 Qf2+ 63. Kh1 Kf3 0-1